Cliquez sur la bonne traduction en grec - Les couleurs - Statistiques

Statistiques générales
  • Ce quiz a été pris 49 fois
  • Le résultat moyen est 5 sur 11
Statistiques - réponses
Hint Réponse % Correct
Rose ρόζ
73%
Violet Βιολετί
63%
Gris γκρί
53%
Orange πορτοκαλί
50%
Noir Μαύρο
47%
Bleu μπλέ
47%
Marron χαφέ
40%
Jaune Κίτρινο
37%
Rouge Κόκκινο
33%
Blanc Άσπρο
30%
Vert Πράσινο
23%
Aucun quiz correspondant
Distribution des résultats
% des personnes avec chaque résultat
Percentile par nombre de réponses
Votre historique - résultats
Vous n’avez pas pris ce quiz